00641 2200217 4500001002100000005001500021035002000036245010000056100001900156250000600175300003100181700002100212260004800233082001000281084001600291020002200307650001900329008004100348990001700389990001700406INLIS00000000000031120181002112702 a0010-10180000011 aSeri Keterampilan :bKamu Bisa Origami dan Kirigami /cPutri Dewi M.R; Editor, Risman Sikumbang0 aPutri Dewi M.R a- a64 hlm. :bilus. ;c25 cm.0 aRisman Sikumbang aBogor :bYudhistira Ghalia Indonesia,c2008 a736.9 a736.9 PUT k a978-979-019-204-1 aMelipat Kertas181002 0  a01318/P/2018 a01319/P/2018